000 02106nam a2200277Ia 4500
008 130821s1901 fr gr fre
040 _aCo-BoUCM
_bspa
041 0 _afre
092 _aE20N026
100 1 _aLavallée, Théophile
_d1804-1866
242 0 0 _aHistoire des français
_bdepuis les temps des gaulois jusqu' à nos jours
_cpar Teófilo Lavallée ; Developpée de 1814 à 1848 et continuée, sur le mème plan, jusq' en 1901 par MM. Frédéric Lock et Maurice Dreyfous
_nTome septième
_yspa
245 1 0 _aHistoire des français
_bdepuis les temps des gaulois jusqu' à nos jours
_cparThéphile Lavallée ; Developpée de 1814 à 1848 et continuée, sur le mème plan, jusq' en 1901 par MM. Frédéric Lock et Maurice Dreyfous
_nTome septième.
246 1 3 _a[Histoire des français
_bdepuis les temps des gaulois jusqu' à nos jours ; Developpée de 1814 à 1848 et continuée, sur le mème plan, jusq' en 1901 par MM. Frédéric Lock et Maurice Dreyfous
_nTome septième]
260 _aParís (Francia)
_bBibliothèque-Charpentier
_c1901
300 _a691 páginas
500 _aDetalles físicos: Encuadernación rígida en cartón duro forrado en tela texturizada, lomo con tejuelo de piel negro, letras y líneas decorativas en dorado. Conserva guardas, anteportada y portada impresa a una sola tinta. Texto impreso, en una sola columna, con algunas notas de pie de página. Cortes decorados de color azul, con visibles manchas de humedad, papel con amarillamiento. Ejemplar en buen estado de conservación. En la portada un sello de tinta que dice: "El Colegio de Nuestra Señora del Rosario". En la guarda posterior (contratapa), un pequeño sello en inglés que dice: "Encuadernado por Mudie".
500 _aIncluye índice.
506 _aConsulta en sala.
650 0 4 _aHistoria de Europa
_926509
651 4 _aFrancia
_xHistoria
_ySiglo XIX
_926969
651 4 _aFrancia
_xPolítica y gobierno
_xHistoria
_926969
700 1 _aDreyfus, Mauricio
700 1 _aLock, Frédéric
_d1813-1876
942 _cLIBRO
_a21
_e1
_2DEWEY
_h320.4724406
999 _c37313
_d37313